[Event "North Bay int."]
[Site "North Bay CAN"]
[Date "1999.08.04"]
[Round "1"]
[White "Dutton, Warren"]
[Black "Palsson, Halldor"]
[Result "0-1"]
[WhiteElo "2025"]
[BlackElo "2182"]
[PlyCount "40"]
[GameId "2160767911742488"]
[EventDate "1999.08.04"]
[EventType "swiss"]
[EventRounds "9"]
[EventCountry "CAN"]
[SourceTitle "EXT 2000"]
[Source "ChessBase"]
[SourceDate "1999.11.18"]
[SourceVersion "1"]
[SourceVersionDate "1999.11.18"]
[SourceQuality "1"]

1. e4 e6 2. d4 d5 3. Nd2 Nf6 4. e5 Nfd7 5. f4 c5 6. c3 Nc6 7. Ndf3 Qb6 8. Ne2 cxd4 9. cxd4 Bb4+ 10. Kf2 f6 11. Be3 O-O 12. g3 fxe5 13. fxe5 Ndxe5 14. dxe5 Rxf3+ 15. Kxf3 Nxe5+ 16. Kg2 Qxe3 17. Nf4 Qe4+ 18. Kh3 Qxh1 19. Qa4 Nc6 20. Rd1 e5+ 0-1

[Event "North Bay int."]
[Site "North Bay CAN"]
[Date "1999.08.04"]
[Round "1"]
[White "Ellis, James"]
[Black "Chatzilias, Alexis"]
[Result "0-1"]
[WhiteElo "2180"]
[BlackElo "2046"]
[PlyCount "29"]
[GameId "2160767911742489"]
[EventDate "1999.08.04"]
[EventType "swiss"]
[EventRounds "9"]
[EventCountry "CAN"]
[SourceTitle "EXT 2000"]
[Source "ChessBase"]
[SourceDate "1999.11.18"]
[SourceVersion "1"]
[SourceVersionDate "1999.11.18"]
[SourceQuality "1"]

1. e4 c5 2. Nf3 Nc6 3. d4 cxd4 4. Nxd4 e6 5. Nc3 Qc7 6. g3 a6 7. Bg2 Bc5 8. Nxc6 dxc6 9. Qg4 Kf8 10. Bd2 h5 11. Qe2 e5 12. Qc4 Bd6 13. Nd1 b5 14. Qd3 Be6 15. Ba5 0-1

[Event "North Bay int."]
[Site "North Bay CAN"]
[Date "1999.08.04"]
[Round "1"]
[White "Goldenberg, Danny"]
[Black "Kalinin, Alexander"]
[Result "1/2-1/2"]
[WhiteElo "2234"]
[BlackElo "2425"]
[PlyCount "30"]
[GameId "2160767911742490"]
[EventDate "1999.08.04"]
[EventType "swiss"]
[EventRounds "9"]
[EventCountry "CAN"]
[SourceTitle "EXT 2000"]
[Source "ChessBase"]
[SourceDate "1999.11.18"]
[SourceVersion "1"]
[SourceVersionDate "1999.11.18"]
[SourceQuality "1"]

1. e4 e6 2. d4 d5 3. Nd2 c5 4. exd5 Qxd5 5. Ngf3 cxd4 6. Nb3 Bb4+ 7. Bd2 Bxd2+ 8. Qxd2 Nc6 9. Nfxd4 Nxd4 10. Qxd4 Nf6 11. Bc4 Qxd4 12. Nxd4 Bd7 13. Be2 Ke7 14. f4 Rhd8 15. c3 Rac8 1/2-1/2

[Event "North Bay int."]
[Site "North Bay CAN"]
[Date "1999.08.04"]
[Round "1"]
[White "Hum, Peter"]
[Black "Charest, Johanne"]
[Result "1/2-1/2"]
[WhiteElo "2265"]
[BlackElo "2173"]
[PlyCount "43"]
[GameId "2160767911742492"]
[EventDate "1999.08.04"]
[EventType "swiss"]
[EventRounds "9"]
[EventCountry "CAN"]

1. c4 e6 2. Nf3 d5 3. d4 c5 4. cxd5 exd5 5. g3 Nc6 6. Bg2 Nf6 7. O-O cxd4 8. Nxd4 Bc5 9. Nb3 Bb6 10. Nc3 Be6 11. Na4 O-O 12. Nxb6 Qxb6 13. Be3 Qc7 14. Rc1 Rfe8 15. Nd4 Bg4 16. Re1 Qd7 17. Nxc6 bxc6 18. Qa4 Rac8 19. Rc5 Bh3 20. Ra5 Bxg2 21. Kxg2 Re4 22. Qd1 1/2-1/2

[Event "North Bay int."]
[Site "North Bay CAN"]
[Date "1999.08.04"]
[Round "1"]
[White "Miezis, Normunds"]
[Black "Del Pilar, Reynaldo"]
[Result "1-0"]
[WhiteElo "2524"]
[BlackElo "2270"]
[PlyCount "72"]
[GameId "2160767911742494"]
[EventDate "1999.08.04"]
[EventType "swiss"]
[EventRounds "9"]
[EventCountry "CAN"]
[SourceTitle "EXT 2000"]
[Source "ChessBase"]
[SourceDate "1999.11.18"]
[SourceVersion "1"]
[SourceVersionDate "1999.11.18"]
[SourceQuality "1"]

1. c4 e5 2. Nc3 Nf6 3. g3 Bb4 4. Bg2 O-O 5. e4 Nc6 6. Nge2 d6 7. O-O a5 8. h3 Bc5 9. Kh2 Re8 10. d3 Nd4 11. f4 Nxe2 12. Qxe2 exf4 13. gxf4 c6 14. Na4 Bd4 15. Be3 Bxe3 16. Qxe3 d5 17. e5 dxc4 18. dxc4 Bf5 19. Nb6 Rb8 20. c5 Nd5 21. Rad1 Qh4 22. Nc4 Nf6 23. Qe1 Qh5 24. Nd6 Re6 25. Qg3 Nd5 26. Bf3 Qg6 27. Rg1 Ne7 28. Bh5 Qxg3+ 29. Rxg3 g6 30. Be2 Kf8 31. Bc4 b6 32. cxb6 Rxb6 33. b3 Nd5 34. Bxd5 cxd5 35. Rxd5 Bb1 36. Rxa5 Ke7 1-0

[Event "North Bay int."]
[Site "North Bay CAN"]
[Date "1999.08.04"]
[Round "1"]
[White "Mulyar, Michael"]
[Black "Baragar, Fletcher"]
[Result "1-0"]
[WhiteElo "2410"]
[BlackElo "2305"]
[PlyCount "93"]
[GameId "2160767911742496"]
[EventDate "1999.08.04"]
[EventType "swiss"]
[EventRounds "9"]
[EventCountry "CAN"]
[SourceTitle "EXT 2000"]
[Source "ChessBase"]
[SourceDate "1999.11.18"]
[SourceVersion "1"]
[SourceVersionDate "1999.11.18"]
[SourceQuality "1"]

1. c4 e5 2. Nc3 d6 3. Nf3 Nf6 4. g3 g6 5. d4 exd4 6. Nxd4 Bg7 7. Bg2 O-O 8. O-O Nbd7 9. b3 Re8 10. Bb2 c6 11. Qc2 a5 12. Rad1 Qc7 13. e4 Nc5 14. Rfe1 Bg4 15. f3 Bd7 16. Bc1 Rad8 17. Bf4 Bc8 18. Kh1 Nh5 19. Bg5 Bf6 20. Bxf6 Nxf6 21. Qd2 Qb6 22. Nc2 Nfd7 23. f4 Nf6 24. Qd4 Ncd7 25. Rd2 Qxd4 26. Rxd4 Nc5 27. Red1 Bg4 28. R1d2 Rb8 29. h3 Bc8 30. Rxd6 Ncxe4 31. Nxe4 Nxe4 32. Bxe4 Rxe4 33. Rd8+ Kg7 34. Kg1 h5 35. h4 b5 36. c5 Re7 37. R2d6 Rc7 38. Nd4 Rbb7 39. Nxc6 Be6 40. Nxa5 Ra7 41. b4 Bxa2 42. c6 Be6 43. Kf2 Kf6 44. Ke3 Kf5 45. Rb8 Kg4 46. Rxb5 Kxg3 47. Rb7 1-0

[Event "North Bay int."]
[Site "North Bay CAN"]
[Date "1999.08.04"]
[Round "1"]
[White "Nakamura, Asuka"]
[Black "Yee, Lorne"]
[Result "1/2-1/2"]
[WhiteElo "2257"]
[BlackElo "2271"]
[PlyCount "103"]
[GameId "2160767911742497"]
[EventDate "1999.08.04"]
[EventType "swiss"]
[EventRounds "9"]
[EventCountry "CAN"]

1. e4 c5 2. c3 Nf6 3. e5 Nd5 4. d4 cxd4 5. Nf3 e6 6. cxd4 b6 7. Nc3 Nxc3 8. bxc3 Bb7 9. Bd3 Be7 10. h4 h6 11. h5 Qc7 12. Bd2 d6 13. O-O Nd7 14. exd6 Bxd6 15. Re1 O-O 16. Qe2 Rfd8 17. Rac1 Bf4 18. Be4 Bxe4 19. Qxe4 Bxd2 20. Nxd2 Rac8 21. Qf3 Nf6 22. Ne4 Nxe4 23. Rxe4 Rd5 24. c4 Rcd8 25. Qd1 Ra5 26. Qe2 Qc6 27. g4 Ra4 28. Rc2 Rc8 29. d5 exd5 30. cxd5 Rxe4 31. Rxc6 Rxe2 32. Rxc8+ Kh7 33. a3 Rd2 34. Rc7 a5 35. Rc6 Rxd5 36. Rxb6 Rd3 37. Rb7 Kg8 38. Rb8+ Kh7 39. Rb7 f6 40. Ra7 Rxa3 41. Kg2 Ra4 42. f3 Ra1 43. Kg3 a4 44. Kf4 Ra3 45. Ke4 Ra1 46. Kf5 Ra3 47. f4 Ra1 48. Ke6 Rg1 49. Kf5 Ra1 50. Ke6 a3 51. Kf5 a2 52. Ra8 1/2-1/2

[Event "North Bay int."]
[Site "North Bay CAN"]
[Date "1999.08.04"]
[Round "1"]
[White "O'Donnell, Robert"]
[Black "Safranska, Anda"]
[Result "0-1"]
[WhiteElo "1958"]
[BlackElo "2267"]
[PlyCount "84"]
[GameId "2160767911742498"]
[EventDate "1999.08.04"]
[EventType "swiss"]
[EventRounds "9"]
[EventCountry "CAN"]

1. d4 Nf6 2. Nf3 g6 3. c4 Bg7 4. Nc3 O-O 5. e4 d6 6. Be2 e5 7. O-O Nc6 8. d5 Ne7 9. b4 a5 10. Ba3 b6 11. bxa5 Nh5 12. Re1 Nf4 13. Bf1 f5 14. Qb3 Rxa5 15. Bb4 Ra8 16. a4 Kh8 17. g3 fxe4 18. Nxe4 Nh3+ 19. Kg2 Nf5 20. a5 bxa5 21. Bxa5 Qe7 22. Bd2 Rxa1 23. Rxa1 Nd4 24. Nxd4 exd4 25. f3 g5 26. Re1 Qd8 27. Ba5 Bf5 28. Bd3 Be5 29. Qb7 Rf7 30. Rb1 g4 31. f4 Bxf4 32. Qb8 Qxb8 33. Rxb8+ Kg7 34. Rb7 Bxe4+ 35. Bxe4 Bd2 36. Rxc7 Bxa5 37. Rxf7+ Kxf7 38. Bxh7 Kf6 39. Kf1 Ng5 40. Bg8 d3 41. Kf2 Ne4+ 42. Ke3 d2 0-1

[Event "North Bay int."]
[Site "North Bay CAN"]
[Date "1999.08.04"]
[Round "1"]
[White "Ochkoos, Jura"]
[Black "Paragua, Mark"]
[Result "0-1"]
[WhiteElo "2305"]
[BlackElo "2268"]
[PlyCount "110"]
[GameId "2160767911742499"]
[EventDate "1999.08.04"]
[EventType "swiss"]
[EventRounds "9"]
[EventCountry "CAN"]
[SourceTitle "EXT 2000"]
[Source "ChessBase"]
[SourceDate "1999.11.18"]
[SourceVersion "1"]
[SourceVersionDate "1999.11.18"]
[SourceQuality "1"]

1. e4 c5 2. c3 Nf6 3. e5 Nd5 4. d4 cxd4 5. cxd4 Nc6 6. Nc3 Nb6 7. Nf3 d5 8. Be2 Bg4 9. h3 Bxf3 10. Bxf3 e6 11. O-O Bb4 12. Ne2 O-O 13. b3 a5 14. a3 Be7 15. Qd3 Qd7 16. Nc3 a4 17. b4 f6 18. Re1 fxe5 19. dxe5 Nc4 20. Bd1 N6xe5 21. Qb1 Bh4 22. Ra2 Qf7 23. Rf1 Nb6 24. Be3 Nec4 25. Bc5 Rfc8 26. Bg4 Nd7 27. Nb5 Nde5 28. Be2 Qd7 29. f4 Nf7 30. Nc3 Bf6 31. Ne4 dxe4 32. Bxc4 b6 33. f5 exf5 34. Bxf7+ Qxf7 35. Bxb6 Rab8 36. Be3 Rc3 37. Bf4 Rbc8 38. Rd2 Qc4 39. Rd7 Rc2 40. Qd1 Qa2 41. Kh1 Rxg2 42. b5 Rb2 43. Qxa4 Rb3 44. Rd2 Rxh3+ 45. Kg2 Qxa3 46. Qxa3 Rxa3 47. Rb1 g5 48. Bd6 e3 49. Rd5 Ra2+ 50. Kg1 f4 51. b6 Rcc2 52. b7 Rg2+ 53. Kh1 Rh2+ 54. Kg1 Rag2+ 55. Kf1 e2+ 0-1

[Event "North Bay int."]
[Site "North Bay CAN"]
[Date "1999.08.04"]
[Round "1"]
[White "Ottosen, David"]
[Black "Wenaas, Eric"]
[Result "1-0"]
[WhiteElo "2139"]
[BlackElo "2156"]
[PlyCount "109"]
[GameId "2160767911742500"]
[EventDate "1999.08.04"]
[EventType "swiss"]
[EventRounds "9"]
[EventCountry "CAN"]

1. e4 e5 2. Nf3 Nc6 3. Bb5 a6 4. Ba4 Nf6 5. O-O b5 6. Bb3 Bb7 7. d3 Be7 8. c3 O-O 9. Qe2 d6 10. Nbd2 Na5 11. Bc2 c5 12. Rd1 Nh5 13. Nf1 g6 14. h3 Qc7 15. N1h2 Rfe8 16. Ng4 Nf4 17. Qf1 f5 18. Nh6+ Kg7 19. g3 Kxh6 20. gxf4 Kg7 21. Qe2 Bf6 22. Kh2 d5 23. fxe5 dxe4 24. Bf4 exf3 25. exf6+ Kxf6 26. Qd2 Qd7 27. Re1 Qd5 28. c4 Qd4 29. Be3 Rxe3 30. Qxe3 Qxe3 31. Rxe3 bxc4 32. dxc4 Nxc4 33. Rc3 Ne5 34. Rxc5 Rd8 35. Rd1 Rxd1 36. Bxd1 Nd3 37. Rc2 Nb4 38. Rc4 Nd3 39. Rc3 Nxb2 40. Bxf3 Na4 41. Ra3 Bxf3 42. Rxf3 Ke5 43. Re3+ Kd6 44. Kg3 Nc5 45. Re8 Ne4+ 46. Kg2 Kc5 47. Rh8 Nc3 48. Rxh7 Nxa2 49. Rg7 Nb4 50. Rxg6 a5 51. Rg8 Kb6 52. Rb8+ Kc5 53. h4 a4 54. h5 Na6 55. Rb1 1-0

[Event "North Bay int."]
[Site "North Bay CAN"]
[Date "1999.08.04"]
[Round "1"]
[White "Paschall, William M"]
[Black "Lazarev, Vladimir"]
[Result "0-1"]
[WhiteElo "2332"]
[BlackElo "2501"]
[PlyCount "160"]
[GameId "2160767911742501"]
[EventDate "1999.08.04"]
[EventType "swiss"]
[EventRounds "9"]
[EventCountry "CAN"]
[SourceTitle "EXT 2000"]
[Source "ChessBase"]
[SourceDate "1999.11.18"]
[SourceVersion "1"]
[SourceVersionDate "1999.11.18"]
[SourceQuality "1"]

1. d4 Nf6 2. c4 c5 3. d5 b5 4. cxb5 a6 5. bxa6 g6 6. Nc3 Bxa6 7. e4 Bxf1 8. Kxf1 d6 9. Nf3 Nbd7 10. h3 Bg7 11. Kg1 O-O 12. Kh2 Qa5 13. Re1 Rfb8 14. Re2 Qa6 15. Rc2 Ne8 16. Bg5 Rxb2 17. Rxb2 Bxc3 18. Rab1 Bxb2 19. Rxb2 Nef6 20. Qb1 Kg7 21. Qc1 Nxe4 22. Bxe7 Ndf6 23. Qb1 Qa7 24. Rb7 Qxa2 25. Bxf6+ Nxf6 26. Qxa2 Rxa2 27. Ng5 Rxf2 28. Kg1 Rf5 29. Nxf7 Rxd5 30. Nxd6+ Kh6 31. Nf7+ Kh5 32. Rb6 Nd7 33. Re6 c4 34. Re4 Rd1+ 35. Kh2 Rf1 36. Re7 c3 37. Rxd7 c2 38. Rc7 c1=Q 39. Rxc1 Rxc1 40. Ne5 Kg5 41. Kg3 Rc3+ 42. Nf3+ Kf5 43. Kf2 g5 44. Nd4+ Ke4 45. Nf3 h6 46. Nh2 Kf4 47. Nf1 Rc2+ 48. Kg1 Rc1 49. Kf2 Ra1 50. Nd2 Ra2 51. g3+ Ke5 52. Ke3 Ra3+ 53. Kf2 Kd4 54. Nf1 Ke4 55. Nd2+ Kd3 56. Nf1 Ra6 57. g4 Rf6+ 58. Kg2 Ke2 59. Ng3+ Ke3 60. Nf5+ Kf4 61. Ng3 Ra6 62. Nh5+ Ke3 63. Ng7 Rf6 64. Nf5+ Ke2 65. Ng3+ Ke1 66. Kg1 Rb6 67. Nf5 Rf6 68. Ng3 Rf2 69. Kh1 Ra2 70. Kg1 Rb2 71. Nf5 Ke2 72. Kg2 Rb6 73. Ng3+ Kd3 74. Nf5 Ra6 75. Kg3 Ke4 76. Kg2 Kf4 77. Nd4 Ra2+ 78. Kf1 Kg3 79. Nf5+ Kxh3 80. Nxh6 Ra6 0-1

[Event "North Bay int."]
[Site "North Bay CAN"]
[Date "1999.08.04"]
[Round "1"]
[White "Peredun, Andrew"]
[Black "Pushkedra, Frank"]
[Result "1-0"]
[WhiteElo "2222"]
[BlackElo "2345"]
[PlyCount "115"]
[GameId "2160767911742502"]
[EventDate "1999.08.04"]
[EventType "swiss"]
[EventRounds "9"]
[EventCountry "CAN"]

1. e4 c5 2. Nf3 Nc6 3. Nc3 g6 4. d4 cxd4 5. Nxd4 Bg7 6. Be3 Nf6 7. Be2 O-O 8. O-O d6 9. f4 Qb6 10. Qd3 Ng4 11. Bxg4 Bxd4 12. Bxd4 Qxd4+ 13. Qxd4 Nxd4 14. Bxc8 Rfxc8 15. Rf2 Rc4 16. Nd5 Nc6 17. Re1 e6 18. Nc3 Rc8 19. Rd2 Rb4 20. Nd1 Rd8 21. c3 Rb5 22. Ne3 f5 23. exf5 gxf5 24. Nc4 d5 25. Na3 Rc5 26. Rxe6 d4 27. c4 a6 28. b3 Kf7 29. Rh6 Kg7 30. Rh3 b5 31. Rhd3 Re8 32. cxb5 axb5 33. Nc2 Re4 34. Nxd4 Rc1+ 35. Kf2 Rxf4+ 36. Kg3 Rg4+ 37. Kh3 Ne5 38. Rg3 Kf6 39. Rxg4 fxg4+ 40. Kg3 b4 41. Nc2 h5 42. Nxb4 Kg5 43. Rd5 Rc3+ 44. Kf2 Kf4 45. Rd2 Kf5 46. Ke2 h4 47. Rc2 Rxc2+ 48. Nxc2 Ke4 49. a4 h3 50. gxh3 gxh3 51. a5 Kd5 52. Kf2 Nc6 53. b4 Kc4 54. Kg3 Kc3 55. a6 Na7 56. Kxh3 Kxc2 57. Kg4 Kc3 58. h4 1-0

[Event "North Bay int."]
[Site "North Bay CAN"]
[Date "1999.08.04"]
[Round "1"]
[White "Rajlich, Vasik"]
[Black "Nickoloff, Bryon"]
[Result "1/2-1/2"]
[WhiteElo "2297"]
[BlackElo "2421"]
[PlyCount "42"]
[GameId "2160767911742503"]
[EventDate "1999.08.04"]
[EventType "swiss"]
[EventRounds "9"]
[EventCountry "CAN"]
[SourceTitle "EXT 2000"]
[Source "ChessBase"]
[SourceDate "1999.11.18"]
[SourceVersion "1"]
[SourceVersionDate "1999.11.18"]
[SourceQuality "1"]

1. e4 e5 2. Nf3 Nc6 3. Bc4 Nf6 4. d3 Bc5 5. c3 a6 6. O-O d6 7. d4 Ba7 8. dxe5 Nxe5 9. Nxe5 dxe5 10. Qxd8+ Kxd8 11. Bg5 Ke7 12. Nd2 Be6 13. Bb3 h6 14. Bh4 g5 15. Bg3 Nd7 16. Rfd1 f6 17. Bxe6 Kxe6 18. Kf1 Nc5 19. f3 Na4 20. Rab1 Rad8 21. Ke2 b5 1/2-1/2

[Event "North Bay int."]
[Site "North Bay CAN"]
[Date "1999.08.04"]
[Round "1"]
[White "Saleh, Maher"]
[Black "Mark, Eddie"]
[Result "0-1"]
[WhiteElo "2220"]
[BlackElo "2410"]
[PlyCount "62"]
[GameId "2160767911742504"]
[EventDate "1999.08.04"]
[EventType "swiss"]
[EventRounds "9"]
[EventCountry "CAN"]

1. Nf3 Nf6 2. g3 d5 3. Bg2 e6 4. O-O Be7 5. d4 O-O 6. c4 c5 7. cxd5 exd5 8. Nc3 Nc6 9. Bg5 cxd4 10. Nxd4 h6 11. Bf4 Be6 12. Nxe6 fxe6 13. e4 dxe4 14. Nxe4 Nd5 15. Bd2 Qb6 16. Qg4 Ne5 17. Qh5 Rf5 18. Qe2 Raf8 19. Nc3 Rxf2 20. Rxf2 Rxf2 21. Nxd5 Rxe2+ 22. Nxb6 Rxd2 23. Na4 b5 24. Re1 Bd6 25. Nc3 Rxb2 26. a4 b4 27. Ne4 Bc7 28. Kh1 Rc2 29. Rf1 Ng4 30. Rb1 b3 31. h3 Ne3 0-1

[Event "North Bay int."]
[Site "North Bay CAN"]
[Date "1999.08.04"]
[Round "1"]
[White "Seawald, Dennis"]
[Black "Divljan, Igor"]
[Result "1-0"]
[WhiteElo "2174"]
[BlackElo "2165"]
[PlyCount "127"]
[GameId "2160767911742505"]
[EventDate "1999.08.04"]
[EventType "swiss"]
[EventRounds "9"]
[EventCountry "CAN"]

1. e4 c5 2. Nf3 d6 3. Bb5+ Bd7 4. Bxd7+ Qxd7 5. O-O Nc6 6. c3 Nf6 7. Re1 e6 8. d4 cxd4 9. Nxd4 Be7 10. Bg5 O-O 11. Nd2 Nxd4 12. cxd4 Qb5 13. e5 dxe5 14. dxe5 Nd5 15. Bxe7 Nxe7 16. Qh5 Ng6 17. b3 Rfd8 18. Nc4 Qc6 19. Rad1 Qxg2+ 20. Kxg2 Nf4+ 21. Kf3 Nxh5 22. Na5 b6 23. Nc6 Rxd1 24. Rxd1 f6 25. Rd7 fxe5 26. Rxa7 Rxa7 27. Nxa7 Nf6 28. a4 Kf7 29. Nc6 e4+ 30. Kf4 Ke8 31. Ne5 Kd8 32. Ng4 Nd5+ 33. Kxe4 Kc7 34. Ne3 Nf6+ 35. Ke5 Kd7 36. b4 Ne8 37. Nc4 Nf6 38. Nxb6+ Kc6 39. Nc4 Ng4+ 40. Kxe6 Nxf2 41. Ne5+ Kb7 42. Kf7 g5 43. Kf6 Nh3 44. Kf5 h5 45. Kg6 h4 46. Kf5 Kc7 47. Nd3 Ng1 48. Ne5 Kd6 49. a5 Ne2 50. Nf3 h3 51. Kxg5 Nc3 52. Kg4 Nd5 53. b5 Nc3 54. b6 Kc6 55. Nd4+ Kb7 56. Kxh3 Ne4 57. Nb3 Ng5+ 58. Kg4 Nf7 59. h4 Ne5+ 60. Kf5 Nf7 61. h5 Nh6+ 62. Kg6 Ng4 63. h6 Nxh6 64. Kxh6 1-0

[Event "North Bay int."]
[Site "North Bay CAN"]
[Date "1999.08.04"]
[Round "1"]
[White "Stroud, Mike"]
[Black "Campbell, Brett"]
[Result "1/2-1/2"]
[WhiteElo "2215"]
[BlackElo "2197"]
[PlyCount "99"]
[GameId "2160767911742506"]
[EventDate "1999.08.04"]
[EventType "swiss"]
[EventRounds "9"]
[EventCountry "CAN"]

1. d4 Nf6 2. c4 d6 3. Nc3 Nbd7 4. Nf3 e5 5. dxe5 dxe5 6. Bg5 Be7 7. e3 h6 8. Bh4 c6 9. Be2 Qc7 10. Qc2 O-O 11. O-O Re8 12. a3 Bd6 13. b4 e4 14. c5 exf3 15. cxd6 Qxd6 16. Rad1 Qe7 17. Bxf3 Ne5 18. Be2 Be6 19. e4 Ng6 20. Bg3 Rad8 21. h3 a5 22. f4 axb4 23. axb4 Rxd1 24. Rxd1 Bc8 25. e5 Nd7 26. Rd6 Ngf8 27. Bc4 Kh8 28. Qd2 Nb6 29. Ba2 Be6 30. Bxe6 fxe6 31. Qd3 Nc8 32. Rd4 Qf7 33. Ne4 Qf5 34. Qd2 Qg6 35. Bh4 Qf7 36. g4 Kg8 37. Bg3 Kh7 38. Qd3 Kh8 39. b5 Qc7 40. bxc6 Qxc6 41. f5 Ne7 42. f6 Qc1+ 43. Qd1 Qxd1+ 44. Rxd1 Nd5 45. fxg7+ Kxg7 46. Nd6 Ra8 47. Nxb7 Ra3 48. Bf2 Rxh3 49. Nc5 Nf4 50. Ne4 1/2-1/2

[Event "North Bay int."]
[Site "North Bay CAN"]
[Date "1999.08.04"]
[Round "1"]
[White "Taylor, Gordon"]
[Black "Hergott, Deen"]
[Result "1/2-1/2"]
[WhiteElo "2301"]
[BlackElo "2396"]
[PlyCount "48"]
[GameId "2160767911742507"]
[EventDate "1999.08.04"]
[EventType "swiss"]
[EventRounds "9"]
[EventCountry "CAN"]
[SourceTitle "EXT 2000"]
[Source "ChessBase"]
[SourceDate "1999.11.18"]
[SourceVersion "1"]
[SourceVersionDate "1999.11.18"]
[SourceQuality "1"]

1. Nf3 Nf6 2. d4 d5 3. c4 dxc4 4. e3 Bg4 5. Bxc4 e6 6. h3 Bh5 7. Nc3 a6 8. O-O Nc6 9. Qe2 Bd6 10. Rd1 Qe7 11. g4 Bg6 12. e4 e5 13. dxe5 Nxe5 14. Nxe5 Bxe5 15. f4 Bxc3 16. bxc3 h5 17. f5 b5 18. g5 Nd7 19. Bd5 c6 20. fxg6 cxd5 21. Rxd5 O-O 22. Bf4 Nb6 23. Bd6 Qe6 24. Rd3 Rfe8 1/2-1/2

[Event "North Bay int."]
[Site "North Bay CAN"]
[Date "1999.08.04"]
[Round "1"]
[White "Tyomkin, Dimitri"]
[Black "Hummel, Patrick"]
[Result "1-0"]
[WhiteElo "2495"]
[BlackElo "2330"]
[PlyCount "77"]
[GameId "2160767739513733"]
[EventDate "1999.08.04"]
[EventType "swiss"]
[EventRounds "9"]
[EventCountry "CAN"]
[SourceTitle "EXT 2000"]
[Source "ChessBase"]
[SourceDate "1999.11.18"]
[SourceVersion "1"]
[SourceVersionDate "1999.11.18"]
[SourceQuality "1"]

1. d4 Nf6 2. c4 c5 3. d5 b5 4. Qc2 d6 5. e4 g6 6. Nf3 Bg7 7. Be2 O-O 8. O-O bxc4 9. Nfd2 e6 10. Nxc4 exd5 11. exd5 Re8 12. Nc3 Na6 13. a3 Nc7 14. Rd1 Ba6 15. Bf4 Bf8 16. b3 Rb8 17. Rab1 Nb5 18. Nxb5 Bxb5 19. Bf3 Bd7 20. Ne3 a5 21. g4 a4 22. bxa4 Ra8 23. Rdc1 Rxa4 24. Nc4 Ra6 25. h3 h5 26. Bg5 hxg4 27. hxg4 Be7 28. Re1 Nxg4 29. Rxe7 Rxe7 30. Bxe7 Qxe7 31. Bxg4 Bxg4 32. Rb8+ Kh7 33. Qb2 Kh6 34. Rh8+ Kg5 35. Qd2+ Kf6 36. Qc3+ Kg5 37. Qd2+ Kf6 38. Qf4+ Bf5 39. Ne3 {g4} 1-0

[Event "North Bay int."]
[Site "North Bay CAN"]
[Date "1999.08.04"]
[Round "1"]
[White "Weeramantry, Sunil"]
[Black "Voloaca, Mihnea"]
[Result "0-1"]
[WhiteElo "2252"]
[BlackElo "2039"]
[PlyCount "80"]
[GameId "2160767911742508"]
[EventDate "1999.08.04"]
[EventType "swiss"]
[EventRounds "9"]
[EventCountry "CAN"]
[SourceTitle "EXT 2000"]
[Source "ChessBase"]
[SourceDate "1999.11.18"]
[SourceVersion "1"]
[SourceVersionDate "1999.11.18"]
[SourceQuality "1"]

1. e4 c5 2. Nc3 e6 3. f4 a6 4. Nf3 b5 5. d4 cxd4 6. Nxd4 Bb7 7. Bd3 Bc5 8. Nb3 Ba7 9. Qe2 d6 10. Be3 Bxe3 11. Qxe3 Nf6 12. O-O Nbd7 13. Kh1 e5 14. Rae1 O-O 15. Qh3 b4 16. Nd1 a5 17. Nd2 exf4 18. Rxf4 Ne5 19. Ne3 Bc8 20. Nf5 Ng6 21. Rf2 Qb6 22. Ref1 Bxf5 23. Rxf5 Qd4 24. g4 d5 25. Nb3 Qxb2 26. e5 Ne4 27. Rh5 a4 28. Nc5 Nxc5 29. Bf5 h6 30. g5 Ne7 31. gxh6 g6 32. h7+ Kh8 33. Qh4 Qxe5 34. Bxg6 Qg7 35. Bf5 Ng6 36. Qh3 Ne4 37. Qg2 Rae8 38. Rh3 Re7 39. Rhf3 Nd6 40. Bd3 Ne4 0-1

[Event "North Bay int."]
[Site "North Bay CAN"]
[Date "1999.08.04"]
[Round "1"]
[White "Zambo, Victor"]
[Black "St Amand, Paul Jr"]
[Result "0-1"]
[WhiteElo "2202"]
[BlackElo "2160"]
[PlyCount "91"]
[GameId "2160767911742509"]
[EventDate "1999.08.04"]
[EventType "swiss"]
[EventRounds "9"]
[EventCountry "CAN"]

1. e4 c5 2. Nc3 Nc6 3. g3 g6 4. Bg2 Bg7 5. d3 d6 6. Be3 e5 7. Nge2 Nge7 8. Qd2 Nd4 9. O-O O-O 10. f4 exf4 11. gxf4 f5 12. Rae1 Be6 13. Nd1 Qd7 14. c3 Nxe2+ 15. Qxe2 Rae8 16. a3 b6 17. Nf2 Qb5 18. Qd2 Qd7 19. Qc2 Rc8 20. Re2 Rfe8 21. Rfe1 d5 22. Bc1 d4 23. c4 Rcd8 24. e5 b5 25. b3 Rb8 26. Bd2 bxc4 27. bxc4 Rb6 28. Rb1 Reb8 29. Ree1 Nc6 30. Rxb6 Rxb6 31. Rb1 Qc7 32. Bd5 Kf7 33. Bxe6+ Kxe6 34. Rb5 Bf8 35. Qb3 Kf7 36. a4 Be7 37. a5 Rb8 38. Nd1 a6 39. Rb6 Nb4 40. Rxb8 Qxb8 41. Nb2 Qb7 42. Na4 Qf3 43. Nxc5 Bh4 44. e6+ Kg8 45. Be1 Qe3+ 46. Kg2 0-1

[Event "North Bay int."]
[Site "North Bay CAN"]
[Date "1999.08.04"]
[Round "1"]
[White "Zugic, Igor"]
[Black "Filipovich, David"]
[Result "1/2-1/2"]
[WhiteElo "2406"]
[BlackElo "2236"]
[PlyCount "36"]
[GameId "2160767911742510"]
[EventDate "1999.08.04"]
[EventType "swiss"]
[EventRounds "9"]
[EventCountry "CAN"]
[SourceTitle "EXT 2000"]
[Source "ChessBase"]
[SourceDate "1999.11.18"]
[SourceVersion "1"]
[SourceVersionDate "1999.11.18"]
[SourceQuality "1"]

1. d4 d5 2. Nf3 c6 3. c4 Nf6 4. Nc3 dxc4 5. a4 Bg4 6. Ne5 Bh5 7. g3 Na6 8. Bg2 Nb4 9. O-O a5 10. Nxc4 e6 11. h3 Be7 12. g4 Bg6 13. e4 Nd7 14. f4 f5 15. d5 exd5 16. exd5 Nb6 17. Nxb6 Qxb6+ 18. Kh1 O-O 1/2-1/2

[Event "North Bay int."]
[Site "North Bay CAN"]
[Date "1999.08.04"]
[Round "2"]
[White "Ademi, Sami"]
[Black "Morrell, Gordon"]
[Result "0-1"]
[WhiteElo "2250"]
[BlackElo "2128"]
[PlyCount "126"]
[GameId "2160767911742511"]
[EventDate "1999.08.04"]
[EventType "swiss"]
[EventRounds "9"]
[EventCountry "CAN"]
[SourceTitle "EXT 2000"]
[Source "ChessBase"]
[SourceDate "1999.11.18"]
[SourceVersion "1"]
[SourceVersionDate "1999.11.18"]
[SourceQuality "1"]

1. e4 c5 2. Nf3 e6 3. d4 cxd4 4. Nxd4 Nc6 5. Nc3 Qc7 6. g3 a6 7. Bg2 Nf6 8. O-O Nxd4 9. Qxd4 Bc5 10. Qd3 Ng4 11. Qe2 h5 12. Bf3 Ne5 13. Bxh5 b5 14. Bf3 Bb7 15. Bg2 f6 16. Nd1 Rc8 17. Be3 Bd6 18. c3 g5 19. Bd4 Ke7 20. Ne3 Rcg8 21. Rad1 Rh7 22. Bxe5 Bxe5 23. Ng4 Bc6 24. Qe3 Bb7 25. Rd2 Bf4 26. gxf4 gxf4 27. Qe2 f3 28. Qxf3 Rxg4 29. h3 Rg5 30. Qe3 Rhg7 31. f4 Rg3 32. Rf3 Rxf3 33. Qxf3 Qc5+ 34. Qf2 Qxf2+ 35. Kxf2 f5 36. Re2 Kf7 37. Bf3 fxe4 38. Bxe4 Bxe4 39. Rxe4 Rh7 40. Re3 Kf6 41. Rg3 d6 42. Ke3 Rh4 43. b3 e5 44. fxe5+ dxe5 45. Rf3+ Ke6 46. a3 a5 47. Rg3 a4 48. b4 Kd5 49. Kd3 Rf4 50. Ke3 Kc4 51. Rg4 Kb3 52. Rxf4 exf4+ 53. Kxf4 Kxa3 54. h4 Kb3 55. h5 a3 56. h6 a2 57. h7 a1=Q 58. h8=Q Qxc3 59. Qe8 Qxb4+ 60. Kf3 Qc3+ 61. Ke2 b4 62. Qa8 Kb2 63. Kd1 b3 0-1